000
00210 a2200097 4500
001
3400
100
_a
Atkins, E.A
245
_a
Soviet conduct in world affairs
260
_a
_b
Columbia
_c
090
_c
2675
_d
2675
942
_a
NUST-CAE
_c
M
_c
18613
999
_c
238473
_d
238473